00424nam a22001457a 450000500170000001000150001702000260003203500140005803700130007208200100008524500600009526000470015527000390020230000370024120170516143318.0 aENG-118173 a9788193231814c999.00 aEN-101705 bDBAD/PUB a181.4 aSwami vivekanand a quest /cby Santi Nath Chattopadhyay aKolkatabMinerva Associates (Publications) a10 Roy Bagan Street Kolkata 700006 a58p (coloured photos)c22cm.(Hb)